Rock & pop
Časopis pre rock, pop, folk, jazz a modernú hudbu
| Format: | Journal |
|---|---|
| Language: | Czech |
| PhysicalDescription: | 32 zv. iilustr. 30 cm |
| Published: |
Praha
Vydavatelství a nakladatelství Lidových novin
1990-23/1991
Praha Rock and pop Praha Hakon Euro Praha Muzikus Praha One & One Company |
| ISSN: | 0862-7533 |
| Subjects: | |
| Online Access: | www.rockandpop.cz |
MARC
| LEADER | 00000cas a2200000 a 4500 | ||
|---|---|---|---|
| 001 | vtls008412379 | ||
| 003 | SK-MaSNL | ||
| 005 | 20260228161018.0 | ||
| 008 | 051129d19902021xr mr p 0 b0cze c | ||
| 022 | |a 0862-7533 | ||
| 035 | |a (SVKBB03)vtls000039134 | ||
| 040 | |a SVKPO |b slo |c SVKPO |d SNK |d SVKBB |e AACR2 | ||
| 041 | 0 | |a cze | |
| 044 | |a xr |c CZ | ||
| 080 | |a 78 |2 MDT-MRF | ||
| 210 | 0 | |a Rock pop | |
| 222 | 0 | |a Rock & pop | |
| 245 | 0 | 0 | |a Rock & pop |
| 246 | 3 | 3 | |a Rock and pop |
| 246 | 3 | 3 | |a Rock a pop |
| 246 | 3 | 3 | |a Rock & pop & musiq |
| 247 | 0 | 1 | |a Rock & pop |b časopis pro rock, pop, folk, jazz a jiné |f 1990-19uu |
| 247 | 0 | 1 | |a Rock & pop |b úplný průvodce moderní hudbou |f 19uu-1997 |
| 247 | 0 | 1 | |a Rock & pop |b průvodce moderní hudbou |f 1998-6/2002 |
| 247 | 0 | 1 | |a Rock & pop & musiq |f 7/2002-5/2003 |
| 260 | |a Praha |b Vydavatelství a nakladatelství Lidových novin |c 1990-23/1991 | ||
| 260 | 2 | |3 24/1991-12/1993 |a Praha |b Rock and pop | |
| 260 | 2 | |3 13/1993-19uu |a Praha |b Hakon Euro | |
| 260 | 2 | |3 19uu-2004 |a Praha |b Muzikus | |
| 260 | 3 | |3 2005-2021 |a Praha |b One & One Company | |
| 300 | |a 32 zv. |b iilustr. |c 30 cm | ||
| 310 | |a 1x mesačne |b 1996-2021 | ||
| 321 | |a 26x ročne |b 1990-1993 | ||
| 321 | |a 2x mesačne |b 1994-1995 | ||
| 362 | 0 | |a Roč. 1, č. 1 (1990)-roč. 32, č. 9 (2021) | |
| 500 | |a Č. 9/21 bolo posledné printové číslo časopisu Rock & Pop, časopis bude dostupný len v digitálnej verzii na stránke vydavateľa. | ||
| 515 | |a V roku 2015 nevyšlo č. 6 | ||
| 520 | |a Časopis pre rock, pop, folk, jazz a modernú hudbu | ||
| 550 | |a 1997-2004 vydáva ROCK & ... s.r.o., Praha v Muzikuse, Praha | ||
| 650 | 0 | 7 | |a hudba |2 SNKPH |9 1063 |
| 650 | 0 | 7 | |a rock |2 SNKPH |9 3179 |
| 650 | 0 | 7 | |a populárna hudba |2 SNKPH |9 3428 |
| 650 | 0 | 7 | |a voľný čas |2 SNKPH |9 3355 |
| 655 | 7 | |a odborné časopisy |2 SNKPH |9 70505 | |
| 710 | 2 | |a ROCK & ... (Praha, Česko) |4 pbl |9 267790 | |
| 850 | |a Štátna vedecká knižnica v Prešove | ||
| 852 | |a Štátna vedecká knižnica v Banskej Bystrici | ||
| 856 | 4 | 1 | |u www.rockandpop.cz |
| 910 | |a snk | ||
| 999 | |c 4092 |d 6022 | ||
| 952 | |0 0 |1 1 |4 0 |7 0 |8 4 |a SNK |b SNK |d 2009-09-17 |i snk2009/16614 |l 0 |o snkČB 4944/18/2007/1 |p 17A0617206 |r 2026-02-21 19:31:16 |t č. 1-6 |w 2026-02-21 |y PREZ | ||
| 952 | |0 0 |1 1 |4 0 |7 0 |8 4 |a SNK |b SNK |d 2009-09-17 |i snk2009/16615 |l 0 |o snkČB 4944/18/2007/2 |p 17A0617207 |r 2026-02-21 19:31:17 |t č. 7-12 |w 2026-02-21 |y PREZ | ||
| 952 | |0 0 |1 0 |4 0 |7 0 |8 4 |a SNK |b SNK |d 2015-06-22 |i snk2015/19321 |l 0 |o snkČB 4944/24/2013/1 |p 17A1096530 |r 2026-02-21 19:34:23 |t č. 1-6, neúplné |w 2026-02-21 |y PREZ |z Chýba č. 1 | ||
| 952 | |0 0 |1 0 |4 0 |7 0 |8 4 |a SNK |b SNK |d 2015-06-22 |i snk2015/19322 |l 0 |o snkČB 4944/24/2013/2 |p 17A1096531 |r 2026-02-21 19:34:23 |t č. 7-12 |w 2026-02-21 |y PREZ | ||
| 952 | |0 0 |1 1 |4 0 |7 0 |8 4 |a SNK |b SNK |d 2013-04-25 |i snk2013/9571 |l 0 |o snkČB 4944/22/2011/2 |p 17A0868956 |r 2026-02-21 19:42:04 |t č. 7-12 |w 2026-02-21 |y PREZ | ||
| 952 | |0 0 |1 1 |4 0 |7 0 |8 4 |a SNK |b SNK |d 2010-08-24 |i snk2010/18098 |l 0 |o snkČB 4944/19/2008/1 |p 17A0661326 |r 2026-02-21 19:54:15 |t č. 1-6 |w 2026-02-21 |y PREZ | ||
| 952 | |0 0 |1 1 |4 0 |7 0 |8 4 |a SNK |b SNK |d 2010-08-24 |i snk2010/18099 |l 0 |o snkČB 4944/19/2008/2 |p 17A0661327 |r 2026-02-21 19:54:15 |t č. 7-12 |w 2026-02-21 |y PREZ | ||
| 952 | |0 0 |1 0 |4 0 |7 0 |8 4 |a SNK |b SNK |d 2022-03-15 |i snk2022/3960 |l 0 |o snkČB 4944/30/2019/1 |p 17A1461847 |r 2026-02-21 19:59:11 |t č. 1-6 + príl. |w 2026-02-21 |y PREZ |z Príl.: Apolcalyptica/This (plagát) | ||
| 952 | |0 0 |1 0 |4 0 |7 0 |8 4 |a SNK |b SNK |d 2022-03-15 |i snk2022/3961 |l 0 |o snkČB 4944/30/2019/2 |p 17A1461848 |r 2026-02-21 19:59:11 |t č. 7-12 |w 2026-02-21 |y PREZ | ||
| 952 | |0 0 |1 1 |4 0 |7 0 |8 4 |a SNK |b SNK |d 2011-03-18 |i snk2011/6233 |l 0 |o snkČB 4944/20/2009/1 |p 17A0679272 |r 2026-02-21 20:05:49 |t č. 1-6 |w 2026-02-21 |y PREZ | ||
| 952 | |0 0 |1 1 |4 0 |7 0 |8 4 |a SNK |b SNK |d 2011-03-18 |i snk2011/6234 |l 0 |o snkČB 4944/20/2009/2 |p 17A0679273 |r 2026-02-21 20:05:49 |t č. 7-12 |w 2026-02-21 |y PREZ | ||
| 952 | |0 0 |1 0 |4 0 |7 0 |8 3 |a SNK |b SNK |d 2025-07-11 |i snk2025/11154 |l 0 |o snkČB 4944/31/2020/1 |p 17A1557172 |r 2026-02-21 20:09:33 |t č. 1-6 + príl. |w 2026-02-21 |y PREZ |z Príl.: plagát v č. 2 (Marek Ztracený/Justin Bieber) | ||
| 952 | |0 0 |1 0 |4 0 |7 0 |8 3 |a SNK |b SNK |d 2025-07-11 |i snk2025/11156 |l 0 |o snkČB 4944/31/2020/2 |p 17A1557173 |r 2026-02-21 20:09:33 |t č. 7-12 |w 2026-02-21 |y PREZ | ||
| 952 | |0 0 |1 0 |4 0 |7 0 |8 3 |a SNK |b SNK |d 2025-07-11 |i snk2025/11163 |l 0 |o snkČB 4944/32/2021/1 |p 17A1557174 |r 2026-02-21 20:09:33 |t č. 1-6 + 5 príl. |w 2026-02-21 |y PREZ |z Príl.: plagáty ; v č. 2 - Enrique Iglesias/Michal Pavlíček ; v č. 3 - Epica/Cocotte Minute ; v č. 4 - Billie Ellish/Marek Ztracený ; v č. 5 - Lucie/Keanu Reeves ; v č. 6 - Maroon 5/Tomáš Klus a jeho cílová skupina | ||
| 952 | |0 0 |1 0 |4 0 |7 0 |8 3 |a SNK |b SNK |d 2025-07-11 |i snk2025/11165 |l 0 |o snkČB 4944/32/2021/2 |p 17A1557175 |r 2026-02-21 20:09:33 |t č. 7-9 + 3 príl. |w 2026-02-21 |y PREZ |z Príl.: plagáty ; v č. 7 - Powerwolf/Marpo and Troublegang ; v č. 8 - Ed Sheeran/Adolfeen ; v č. 9 - Iva Frühlingová/Dolores O´Riordan ; | ||
| 952 | |0 0 |1 0 |4 0 |7 0 |8 4 |a SNK |b SNK |d 2020-08-06 |i snk2020/13940 |l 0 |o snkČB 4944/29/2018/2 |p 17A1431007 |r 2026-02-21 20:19:01 |t č. 7-12 + príl. |w 2026-02-21 |y PREZ |z Príl.: plagát | ||
| 952 | |0 0 |1 1 |4 0 |7 0 |8 4 |a SNK |b SNK |d 2012-07-02 |i snk2012/12916 |l 0 |o snkČB 4944/21/2010/1 |p 17A1030442 |r 2026-02-21 20:30:13 |t č. 1-6 |w 2026-02-21 |y PREZ | ||
| 952 | |0 0 |1 1 |4 0 |7 0 |8 4 |a SNK |b SNK |d 2012-07-02 |i snk2012/12927 |l 0 |o snkČB 4944/21/2010/2 |p 17A1030443 |r 2026-02-21 20:30:13 |t č. 7-12 |w 2026-02-21 |y PREZ | ||
| 952 | |0 0 |1 1 |4 0 |7 0 |8 4 |a SNK |b SNK |d 2013-04-25 |i snk2013/9568 |l 0 |o snkČB 4944/22/2011/1 |p 17A0868955 |r 2026-02-21 20:31:08 |t č. 1-6 |w 2026-02-21 |y PREZ | ||
| 952 | |0 0 |1 1 |4 0 |7 0 |a SNK |b SNK |d 2001-08-01 |l 0 |o snkČB 4944/3/1992 |p 17A0309554 |r 2005-01-02 00:00:00 |t č. 1-26 |w 2026-02-21 |y PREZ | ||
| 952 | |0 0 |1 1 |4 0 |7 0 |a SNK |b SNK |d 1998-09-05 |l 0 |o snkČB 4944/2/1991 |p 17A0070344 |r 2005-01-02 00:00:00 |t č. 1-25 |w 2026-02-21 |y PREZ | ||
| 952 | |0 0 |1 1 |4 0 |7 0 |8 4 |a SNK |b SNK |d 2007-10-11 |i snk2007/22038 |l 0 |o snkČB 4944/15/2004 |p 17A0556408 |r 2026-02-21 21:22:39 |t č. 1-12 |w 2026-02-21 |y PREZ | ||
| 952 | |0 0 |1 1 |4 0 |7 0 |8 4 |a SNK |b SNK |d 2007-10-11 |i snk2007/22039 |l 0 |o snkČB 4944/15(16)/2005 |p 17A0556410 |r 2026-02-21 21:22:39 |t č. 1-9 |w 2026-02-21 |y PREZ | ||
| 952 | |0 0 |1 1 |4 0 |7 0 |8 4 |a SNK |b SNK |d 2007-10-11 |i snk2007/22040 |l 0 |o snkČB 4944/16(17)/2006/1 |p 17A0556409 |r 2026-02-21 21:22:39 |t č. 1-6 |w 2026-02-21 |y PREZ | ||
| 952 | |0 0 |1 1 |4 0 |7 0 |8 4 |a SNK |b SNK |d 2007-10-11 |i snk2007/22041 |l 0 |o snkČB 4944/16(17)/2006/2 |p 17A0556411 |r 2026-02-21 21:22:39 |t č. 7-12 |w 2026-02-21 |y PREZ | ||
| 952 | |0 0 |1 0 |4 0 |7 0 |8 4 |a SNK |b SNK |d 2014-07-31 |i snk2014/16349 |l 0 |o snkČB 4944/23/2012/1 |p 17A0869723 |r 2026-02-21 21:33:17 |t č. 1-6 |w 2026-02-21 |y PREZ | ||
| 952 | |0 0 |1 0 |4 0 |7 0 |8 4 |a SNK |b SNK |d 2014-07-31 |i snk2014/16350 |l 0 |o snkČB 4944/23/2012/2 |p 17A0869724 |r 2026-02-21 21:33:17 |t č. 7-12 |w 2026-02-21 |y PREZ | ||
| 952 | |0 0 |1 1 |4 0 |7 0 |a SNK |b SNK |d 1999-05-10 |l 0 |o snkČB 4944/1/1990 |p 17A0193785 |r 2005-01-02 00:00:00 |t č. 1-15 |w 2026-02-21 |y PREZ | ||
| 952 | |0 0 |1 1 |4 0 |7 0 |8 4 |a SNK |b SNK |d 2004-03-17 |i snkČZK 328/2002 |l 0 |o snkČB 4944/12/2001 |p 17A0419765 |r 2005-01-02 00:00:00 |t č. 4-12, neúplné |w 2026-02-21 |y PREZ |z Chýba č. 1-4,8 | ||
| 952 | |0 0 |1 0 |4 0 |7 1 |8 4 |a SNK |b SNK |d 2016-07-07 |i snk2016/16838 |l 0 |o snkČB 4944/25/2014/1 |p 17A1100394 |r 2026-02-21 21:47:03 |t č. 1-6 |w 2026-02-21 |y NEVYP | ||
| 952 | |0 0 |1 0 |4 0 |7 1 |8 4 |a SNK |b SNK |d 2016-07-07 |i snk2016/16843 |l 0 |o snkČB 4944/25/2014/2 |p 17A1100395 |r 2026-02-21 21:47:03 |t č. 7-12 |w 2026-02-21 |y NEVYP | ||
| 952 | |0 0 |1 0 |4 0 |7 0 |8 4 |a SNK |b SNK |d 2019-04-17 |i snk2019/11257 |l 0 |o snkČB 4944/27/2016/1 |p 17A1365381 |r 2026-02-21 21:59:27 |t č. 1-6 |w 2026-02-21 |y PREZ | ||
| 952 | |0 0 |1 0 |4 0 |7 0 |8 4 |a SNK |b SNK |d 2019-04-17 |i snk2019/11260 |l 0 |o snkČB 4944/27/2016/2 |p 17A1365380 |r 2026-02-21 21:59:27 |t č. 7-12 |w 2026-02-21 |y PREZ | ||
| 952 | |0 0 |1 0 |4 0 |7 0 |8 4 |a SNK |b SNK |d 2019-11-26 |i snk2019/30515 |l 0 |o snkČB 4944/28/2017/1 |p 17A1383333 |r 2026-02-21 22:08:21 |t č. 1-6 + príl. |w 2026-02-21 |y PREZ |z Príl.: 1 plagát | ||
| 952 | |0 0 |1 0 |4 0 |7 0 |8 4 |a SNK |b SNK |d 2019-11-26 |i snk2019/30516 |l 0 |o snkČB 4944/28/2017/2 |p 17A1383334 |r 2026-02-21 22:08:22 |t č. 7-12 + 3 príl. |w 2026-02-21 |y PREZ |z Príl.: 3 plagáty | ||
| 952 | |0 0 |1 0 |4 0 |7 0 |8 4 |a SNK |b SNK |d 2020-08-06 |i snk2020/13939 |l 0 |o snkČB 4944/29/2018/1 |p 17A1431006 |r 2026-02-21 22:08:33 |t č. 1-6 + príl. |w 2026-02-21 |y PREZ |z Príl.: plagát | ||
| 952 | |0 0 |1 0 |4 0 |7 0 |8 4 |a SNK |b SNK |d 2018-01-04 |i snk2018/94 |l 0 |o snkČB 4944/26/2015/1 |p 17A1267014 |r 2026-02-21 22:26:00 |t č. 1-5 |w 2026-02-21 |y PREZ |z Č. 6 nevyšlo | ||
| 952 | |0 0 |1 0 |4 0 |7 0 |8 4 |a SNK |b SNK |d 2018-01-04 |i snk2018/95 |l 0 |o snkČB 4944/26/2015/2 |p 17A1267015 |r 2026-02-21 22:26:00 |t č. 7-12 + 3 príl. |w 2026-02-21 |y PREZ |z Príl.: 3 plagáty | ||


